| 000 | 00651nam a22002057a 4500 | ||
|---|---|---|---|
| 999 |
_c2292 _d2292 |
||
| 005 | 20230410151941.0 | ||
| 008 | 230410b ||||| |||| 00| 0 eng d | ||
| 020 | _a9780451534071 | ||
| 040 | _cKH8 | ||
| 082 | _a823.914 HAR | ||
| 100 |
_aHargreaves, Adam _eAuthor |
||
| 245 |
_aMr. Marvelous _cAdam Hargreaves |
||
| 260 |
_a[New York, NY], _bPrice Stern Sloan, an imprint of Penguin Random House, _c2016 |
||
| 300 |
_a1 volume (unpaged) : _bcolor illustrations ; _c13 cm. |
||
| 440 | _a Mr. Men | ||
| 650 | _aAbility | ||
| 650 | _aAbility Juvenile fiction | ||
| 650 |
_aAptitude Romans, _vnouvelles, _x etc. pour la jeunesse |
||
| 942 |
_2ddc _cBK |
||